[Event "Belgrade IKO"]
[Site "Belgrade"]
[Date "1992.??.??"]
[Round "11"]
[White "Karpman, Vadim"]
[Black "Damljanovic, Branko"]
[Result "1/2-1/2"]
[WhiteElo "2435"]
[BlackElo "2595"]

1.d4 Nf6 2.c4 g6 3.Nc3 Bg7 4.e4 d6 5.Nf3 O-O 6.Be2 c6 7.O-O e5 8.Qc2 exd4
9.Nxd4 c5 10.Nb3 Nc6 11.Bf4 Qe7 12.Rad1 Rd8 13.Bg5 Nb4 14.Qd2 Be6 15.f4 h6
16.Bh4 b5 17.Nxb5 g5 18.fxg5 Nxe4 19.Qf4 hxg5 20.Qxe4 gxh4 21.Nxd6 Qg5 22.a3 Nc6
23.Nf5 Ne7 24.Nxg7 Kxg7 25.Qf4 Qxf4 26.Rxf4 Rxd1+ 27.Bxd1 Ng6 28.Re4 Rc8
29.h3 Kf6 30.Bh5 Ne5 31.Be2 Ng6 32.Bg4 Rb8 33.Nxc5 Bxg4 34.Rxg4 Rxb2 35.Ne4+ Kg7
36.Nd6 Kf6 37.c5 Ke6 38.Rc4 f5 39.Ra4 Rc2 40.Rc4 Rb2 41.Ra4 Rb1+ 42.Kh2 f4
43.Ne4 Ne5 44.Nc3 Rf1  1/2-1/2

[Event "Belgrade IKO"]
[Site "Belgrade"]
[Date "1992.??.??"]
[Round "13"]
[White "Ostojic, Nikola"]
[Black "Popovic, Petar"]
[Result "1/2-1/2"]
[WhiteElo "2460"]
[BlackElo "2535"]

1.d4 Nf6 2.c4 g6 3.Nc3 Bg7 4.e4 d6 5.Be2 O-O 6.Nf3 e5 7.dxe5 dxe5 8.Qxd8 Rxd8
9.Bg5 Nbd7 10.O-O-O Rf8 11.Nd2 Nc5 12.Be3 Ne6 13.Nb3 Re8 14.f3 c6 15.g3 h5
16.Kb1 Nd7 17.c5 Bf8 18.Na4 Rb8 19.Rc1 Nf6 20.Rhd1 g5 21.Na5 g4 22.Nc4 Nd4
23.Bxd4 exd4 24.Rxd4 gxf3 25.Bxf3 Bg4 26.Bxg4 Nxg4 27.Nd6 Re6 28.h3 Nf2 29.Rf1 Bxd6
30.cxd6 Nxe4 31.d7 Rd8 32.Rf5 Re7 33.Nc5 Nxc5 34.Rxc5 Rdxd7 35.Rxd7 Rxd7
36.Rxh5  1/2-1/2

[Event "Benidorm op"]
[Site "Benidorm"]
[Date "1992.??.??"]
[Round "4"]
[White "Hoffman, Alejandro"]
[Black "Sanchez Guirado, Francisco"]
[Result "1/2-1/2"]
[WhiteElo "2445"]
[BlackElo "2340"]

1.d4 Nf6 2.Nf3 g6 3.c4 Bg7 4.Nc3 O-O 5.e4 d6 6.Be2 e5 7.Be3 c6 8.d5 Ng4 9.Bg5 f6
10.Bh4 Nh6 11.Nd2 a5 12.f3 Na6 13.Bf2 Nc5 14.a3 Nf7 15.Rb1 Bh6 16.b4 axb4
17.axb4 Na6 18.dxc6 bxc6 19.O-O c5 20.Nd5 Nxb4 21.Rxb4 cxb4 22.Bb6 Qxb6+
23.Nxb6 Be3+ 24.Kh1 Bxb6 25.Nb3 Ra3 26.f4 Bd7 27.c5 dxc5 28.Qxd7 Rxb3 29.fxe5 Rc3
30.e6 Ne5 31.Qd6 Bd8 32.e7 Bxe7 33.Qxe7 b3 34.h3 c4 35.Rxf6 Rxf6 36.Qxf6 b2
37.Qxe5 b1=Q+ 38.Kh2 Rc1 39.Qe6+ Kg7 40.Qe7+ Kg8 41.Bxc4+ Rxc4 42.Qe6+ Kg7
43.Qxc4 Qb8+ 44.Kg1 Kf6 45.Kf1 Ke5 46.Ke2 Qb2+ 47.Ke3 Qb6+ 48.Kf3 Qf6+ 49.Ke2 Kf4
50.Kd3 Qd6+ 51.Qd4 Qa3+ 52.Ke2 Qa2+ 53.Kf1 Qb1+ 54.Kf2 Qc2+ 55.Kg1  1/2-1/2

[Event "Berliner Sommer"]
[Site "Berlin"]
[Date "1992.??.??"]
[Round "?"]
[White "Ragozin, Evgeni"]
[Black "Lingnau, Carsten"]
[Result "1-0"]
[WhiteElo "2505"]
[BlackElo "2340"]

1.c4 g6 2.Nf3 Nf6 3.Nc3 Bg7 4.e4 d6 5.d4 O-O 6.Be2 e5 7.Be3 h6 8.dxe5 Ng4
9.Bd2 Nxe5 10.O-O Nbc6 11.Be3 Be6 12.Nd2 f5 13.exf5 gxf5 14.Nd5 Ng4 15.Nf3 Nxe3
16.Nxe3 Qf6 17.Nd5 Bxd5 18.cxd5 Nd4 19.Rc1 Rf7 20.b3 a5 21.Rc4 Nxf3+ 22.Bxf3 b5
23.Rc2 b4 24.Re1 Ra7 25.Re6 Qa1 26.Rc1 Qd4 27.Qxd4 Bxd4 28.Rxh6 Re7 29.Rg6+ Kh7
30.Rg5 a4 31.Rxf5 axb3 32.axb3 Ra3 33.Bg4 Rxb3 34.g3 Rb2 35.Rc4 Be5 36.Rf3 Rg7
37.Bh3 b3 38.Rg4 Rg6 39.Rf7+ Kh6 40.Rf8 Rg5 41.Rh4+ Kg7 42.Rb8 Kg6 43.Rg8+ Kf6
44.Rh6+  1-0

[Event "Berliner Sommer"]
[Site "Berlin"]
[Date "1992.??.??"]
[Round "?"]
[White "Piskov, Yury"]
[Black "Borriss, Martin"]
[Result "1-0"]
[WhiteElo "2500"]
[BlackElo "2375"]

1.d4 Nf6 2.c4 g6 3.Nc3 Bg7 4.e4 d6 5.Nf3 O-O 6.Be2 e5 7.d5 a5 8.Bg5 h6 9.Bh4 Qe8
10.Nd2 Na6 11.O-O Bd7 12.Kh1 Nh7 13.f3 h5 14.Rb1 Bh6 15.b3 Be3 16.a3 Nc5
17.Nb5 g5 18.Be1 Na6 19.b4 axb4 20.axb4 h4 21.Nb3 f5 22.exf5 Bxf5 23.Bd3 Qg6
24.Bxf5 Qxf5 25.c5 dxc5 26.bxc5 Rad8 27.Ba5 Nf6 28.Qe2 Qf4 29.d6 Nh5 30.Rfe1 Ng3+
31.hxg3 hxg3 32.Qxe3 Qh4+ 33.Kg1 Qh2+ 34.Kf1 Rxf3+ 35.Qxf3 Rf8 36.Nd2 g4
37.Qxf8+ Kxf8 38.Rxe5 Qh1+ 39.Ke2 Qxg2+ 40.Kd3 cxd6 41.cxd6 Qc6 42.Rf1+ Kg8
43.Nd4 Nc5+ 44.Ke3  1-0

[Event "Bern op"]
[Site "Bern"]
[Date "1992.??.??"]
[Round "7"]
[White "Pichler, Juergen"]
[Black "Cvitan, Ognjen"]
[Result "1/2-1/2"]
[WhiteElo "2430"]
[BlackElo "2505"]

1.d4 Nf6 2.c4 g6 3.Nc3 Bg7 4.e4 d6 5.Nf3 O-O 6.Be2 e5 7.d5 a5 8.Bg5 h6 9.Bh4 Na6
10.Nd2 Qe8 11.a3 Bd7 12.b3 Nh7 13.O-O h5 14.f3 Bh6 15.Rb1 Be3+ 16.Kh1 Bc5
17.Qc1 f5 18.exf5 gxf5 19.Na2 Qg6 20.b4 axb4 21.axb4 Be3 22.Nc3 Qh6 23.Be1 c5
24.dxc6 bxc6 25.b5 Nc5 26.Qc2 Ng5 27.bxc6 Bxc6 28.Nd5 Ba4 29.Qc3 Bd4 30.Qc1 Nge6
31.Nb3 Qxc1 32.Nxc1 Nf4 33.Nxf4 exf4 34.Bf2 Bc2 35.Rb6 Bxf2 36.Rxf2 Ra1 37.Rf1 Re8
38.Kg1 Re6 39.Rb2 Ba4 40.Nd3 Rxf1+ 41.Kxf1 Nxd3 42.Bxd3 Re3 43.Bxf5 Bb3 44.Be6+ Kg7
45.Kf2 Kf6 46.Bg8 Kg7 47.Bd5 h4 48.Rd2 Rc3 49.Rd4 Rc2+ 50.Kf1 Rc1+ 51.Ke2 Rc2+
52.Rd2 Kf6 53.Rxc2 Bxc2 54.Kf2 Bb3 55.g3 hxg3+ 56.hxg3 fxg3+ 57.Kxg3 Kf5
58.f4 Kf6 59.Kf3 Ba2 60.Ke3 Bb3 61.Kd4 Kf5 62.Ke3 Kf6 63.Ke4 Ba2 64.Bg8 Bb3  1/2-1/2

[Event "Biel op"]
[Site "Biel"]
[Date "1992.??.??"]
[Round "1"]
[White "Ragozin, Evgeni"]
[Black "Levacic, Patrick"]
[Result "1/2-1/2"]
[WhiteElo "2505"]
[BlackElo "2270"]

1.c4 g6 2.Nf3 Bg7 3.e4 d6 4.d4 Nf6 5.Nc3 O-O 6.Be2 e5 7.dxe5 dxe5 8.Qxd8 Rxd8
9.Bg5 Re8 10.Nd5 Nxd5 11.cxd5 c6 12.Bc4 cxd5 13.Bxd5 Nc6 14.O-O-O a5 15.Kb1 a4
16.a3 Nd4 17.Nxd4 exd4 18.Rd2 Ra5 19.Bh4 Rb5 20.f3  1/2-1/2

[Event "Biel op"]
[Site "Biel"]
[Date "1992.??.??"]
[Round "2"]
[White "Sokolin, Leonid M"]
[Black "Turner, Matthew"]
[Result "0-1"]
[WhiteElo "2435"]
[BlackElo "2325"]

1.d4 Nf6 2.c4 g6 3.Nc3 Bg7 4.e4 d6 5.Be2 O-O 6.Nf3 e5 7.Be3 exd4 8.Nxd4 Bd7
9.O-O Nc6 10.Nc2 a6 11.f3 Ne5 12.c5 Be6 13.cxd6 cxd6 14.Nb4 Nc4 15.Bxc4 Bxc4
16.Rf2 Qa5 17.Qxd6 Rfd8 18.Qb6 Qxb6 19.Bxb6 Rd6 20.Bc5 Rd7 21.Be3 a5 22.Nc2 b5
23.Na3 Rd3 24.Nxc4 bxc4 25.Re2 Rb8 26.Rd1 Nxe4 27.fxe4 Bxc3 28.Rb1 Rxb2 29.Rbxb2 Bxb2
30.Rxb2 Rxe3 31.Rb5 Ra3 32.Rb2 Kg7 33.Rc2 Kf6 34.Rxc4 Rxa2 35.Rc6+ Ke5 36.Rc7 Ke6
37.Rc6+ Kd7 38.Rf6 Ke7 39.Ra6 a4 40.h4 a3 41.Kh2 h5 42.Kg3 Ra1 43.Kf4 Kf8
44.Ra7 a2 45.Ke5 Kg7 46.Ra8 f5 47.Ra7+ Kh6 48.Kf6 fxe4 49.Kf7 g5 50.Ra6+ Kh7
51.Rf6 gxh4 52.Rf5 Kh6 53.Rf4 Rb1  0-1

[Event "Biel op"]
[Site "Biel"]
[Date "1992.??.??"]
[Round "6"]
[White "Gheorghiu, Florin"]
[Black "Golubev, Mihail"]
[Result "1/2-1/2"]
[WhiteElo "2500"]
[BlackElo "2490"]

1.d4 Nf6 2.c4 g6 3.Nc3 Bg7 4.e4 d6 5.Nf3 O-O 6.Be2 e5 7.Be3 h6 8.dxe5 Ng4
9.exd6 Nxe3 10.fxe3 Bxc3+ 11.bxc3 cxd6  1/2-1/2

[Event "Bled op (Women)"]
[Site "Bled"]
[Date "1992.??.??"]
[Round "5"]
[White "Matveeva, Svetlana"]
[Black "Umanskaya, Irina"]
[Result "1/2-1/2"]
[WhiteElo "2425"]
[BlackElo "2295"]

1.d4 Nf6 2.c4 g6 3.Nc3 Bg7 4.e4 d6 5.Nf3 O-O 6.Be2 e5 7.Be3 Ng4 8.Bg5 f6
9.Bh4 g5 10.Bg3 Nh6 11.dxe5 dxe5 12.c5 c6 13.Nd2 Qe7 14.b4 a5 15.a3 axb4
16.axb4 Rxa1 17.Qxa1 b6 18.Na4 b5 19.Nb6 Be6 20.O-O Rd8 21.Qc3 Nd7 22.Nxd7 Qxd7
23.Nb3 Nf7 24.h3 f5 25.exf5 Bxf5 26.Rd1 Qe6 27.Rxd8+ Nxd8 28.Qd2 Bf6 29.Na5 Be4
30.Bd1 Bd5 31.Bg4 Qe8 32.Qe2 Qe7 33.Bf5 Ne6 34.Be4 Nd4 35.Qd3 Bxe4 36.Qxe4 Qe6
37.f3 Nf5 38.Bf2 Ne7 39.Nb7 Qf5 40.Nd6 Qxe4 41.Nxe4 Kf7 42.Be3 h6 43.Kf2 Nd5
44.Bd2 Be7 45.Ke2 Ke6 46.g3 Nf6 47.Kd3 Nxe4 48.Kxe4 Bd8 49.Bc3 Bc7  1/2-1/2

[Event "Bogota Lat Cup"]
[Site "Bogota"]
[Date "1992.??.??"]
[Round "11"]
[White "Barrios, Felix"]
[Black "Hernandez, Gilberto"]
[Result "1/2-1/2"]
[WhiteElo "2220"]
[BlackElo "2480"]

1.d4 Nf6 2.Nf3 g6 3.c4 Bg7 4.Nc3 O-O 5.e4 d6 6.Be2 e5 7.dxe5 dxe5 8.Qxd8 Rxd8
9.Bg5 c6 10.Nxe5 Re8 11.O-O-O Na6 12.Rd6 Be6 13.f4 h6 14.Bxf6 Bxf6 15.Rhd1  1/2-1/2

[Event "SWE-chB"]
[Site "Borlange"]
[Date "1992.??.??"]
[Round "5"]
[White "Eriksson, Anders"]
[Black "Wikner, Arvid"]
[Result "1-0"]
[WhiteElo "2270"]
[BlackElo "2280"]

1.d4 Nf6 2.c4 g6 3.Nc3 Bg7 4.e4 d6 5.Nf3 O-O 6.Be2 e5 7.Be3 Nc6 8.d5 Ne7
9.Nd2 Nd7 10.O-O f5 11.f3 f4 12.Bf2 g5 13.b4 Ng6 14.c5 Nf6 15.cxd6 cxd6 16.Nc4 b6
17.a4 Rf7 18.a5 Rb8 19.axb6 axb6 20.Nb5 Bf8 21.Na7 Bd7 22.Ra6 g4 23.Bxb6 Rxb6
24.Nxb6 g3 25.h3 Bxh3 26.Nc6 Qc7 27.gxh3 Nd7 28.Qc2 Nxb6 29.Rc1 Nh4 30.Nxe5 Qxc2
31.Rxc2 Rb7 32.Nd3 Ng6 33.Ne1 Bg7 34.b5 Bd4+ 35.Kf1 Kf7 36.Rc6 Ke7 37.Ng2 Kd7
38.Ke1 Bf2+ 39.Kd1 Ke7 40.Kd2 Bc5 41.h4 h5 42.e5 Nxe5 43.Nxf4 Nbc4+ 44.Bxc4 Nxc4+
45.Ke2 Rxb5 46.Rc7+ Kf6 47.Nxh5+ Ke5 48.f4+ Kxd5 49.Nxg3 Rb2+ 50.Kf3 Rf2+
51.Kg4 Ne3+ 52.Kh3 Rxf4 53.Rg7 Bd4 54.Rg5+ Be5 55.Ra3 Nc2 56.Ra5+ Ke6 57.Rg6+ Bf6
58.Rg4 Rf3 59.h5 Ne3 60.Rg6 Nd5 61.Kg2 Rd3 62.Ra4 Rd2+ 63.Kh3 Rf2 64.Rg8 Nf4+
65.Kg4 Be5 66.Rf8 Nd3 67.Rxf2 Nxf2+ 68.Kf3 Nh3 69.Rg4 Kf6 70.Rg6+ Kf7 71.Ne2 Bf6
72.Kg4 Nf2+ 73.Kf5 Be5 74.Ng1 Nd3 75.Nh3 Nc5 76.Ng5+ Ke7 77.h6 Nd7 78.h7 Nf8
79.Rg8  1-0

[Event "SWE-chB"]
[Site "Borlange"]
[Date "1992.??.??"]
[Round "14"]
[White "Nordstrom, Felix"]
[Black "Vinke, Dietmar"]
[Result "0-1"]
[WhiteElo "2220"]
[BlackElo "2260"]

1.d4 Nf6 2.c4 g6 3.Nc3 Bg7 4.e4 d6 5.Nf3 O-O 6.Be2 e5 7.d5 a5 8.Bg5 h6 9.Bh4 Na6
10.Nd2 Qe8 11.O-O Nh7 12.a3 Bd7 13.b3 f5 14.exf5 gxf5 15.Bh5 Qc8 16.Be7 Re8
17.Bxe8 Qxe8 18.Bh4 Qg6 19.Kh1 e4 20.Rc1 Re8 21.f4 e3 22.Ndb1 e2 23.Nxe2 Qg4
24.Ng3 Qxh4 25.Qd2 Nf6 26.Rf3 Ng4 27.h3 Nc5 28.Rc2 Ne4 29.Nxe4 fxe4 30.Rf1 e3
31.Qxa5 e2 32.Re1 Qg3  0-1

[Event "SWE-chB"]
[Site "Borlange"]
[Date "1992.??.??"]
[Round "15"]
[White "Vinke, Dietmar"]
[Black "Wikner, Arvid"]
[Result "1-0"]
[WhiteElo "2260"]
[BlackElo "2280"]

1.d4 Nf6 2.c4 g6 3.Nc3 Bg7 4.e4 d6 5.Nf3 O-O 6.Be2 e5 7.dxe5 dxe5 8.Qxd8 Rxd8
9.Bg5 c6 10.Nxe5 Re8 11.f4 h6 12.Bh4 g5 13.fxg5 hxg5 14.Bg3 Nxe4 15.Nxe4 Bxe5
16.O-O-O Bf5 17.Bxe5 Bxe4 18.Bf6 Na6 19.Bg4 Nb4 20.h4 Nxa2+ 21.Kd2 Rad8+
22.Bxd8 Rxd8+ 23.Ke3 Re8 24.Kf2 Nb4 25.Be2 g4 26.Rd2 f5 27.Rhd1 c5 28.Rd8 Kf7
29.Rxe8 Kxe8 30.g3 a5 31.Ke3 Kf7 32.Kf4 Kf6 33.Rd6+ Ke7 34.Rd2 Kf6 35.h5 Nc6
36.Bxg4 Nd4 37.Bd1 Bb1 38.b3 Ne6+ 39.Ke3 Nd4 40.Rh2 Kg7 41.Kf4 Bd3 42.Rd2 Bb1
43.Ke5 Kh6 44.Kd6 b6 45.Kc7 b5 46.cxb5 Nxb5+ 47.Kb6 Nc3 48.Rd6+ Kh7 49.Kxa5 Ba2
50.Bc2 Ne4 51.Bxe4 fxe4 52.Re6 Bxb3 53.Rxe4 Kh6 54.Re5 c4 55.Kb4 Ba2 56.Kc3 Bb3
57.g4 Bd1 58.Re4  1-0

[Event "Bratislava op"]
[Site "Bratislava"]
[Date "1992.??.??"]
[Round "4"]
[White "Piesina, Gintautas"]
[Black "Lipka, Juraj"]
[Result "0-1"]
[WhiteElo "2415"]
[BlackElo "2310"]

1.Nf3 Nf6 2.c4 g6 3.Nc3 Bg7 4.e4 d6 5.d4 O-O 6.Be2 e5 7.d5 a5 8.Be3 Ng4 9.Bg5 f6
10.Bh4 Nh6 11.Nd2 Na6 12.a3 Bd7 13.O-O g5 14.Bg3 f5 15.exf5 Nxf5 16.Nde4 b6
17.b4 axb4 18.axb4 Nxb4 19.Rxa8 Qxa8 20.Nxg5 Qe8 21.Nb5 Qe7 22.Ne4 Nd4 23.Bg4 Bxg4
24.Qxg4 Nxb5 25.Bh4 Qf7 26.cxb5 Nxd5 27.Ng5 Nf6 28.Qh3 Qd7 29.Qe6+ Qxe6 30.Nxe6 Rc8
31.Bxf6 Bxf6 32.Rc1 e4 33.Rxc7 Re8 34.Nf4 Bd4 35.Kf1 Re5 36.Rd7 Rxb5 37.Rxd6 Rb1+
38.Ke2 Rb2+ 39.Kd1 Bc5 40.Rd8+ Kf7 41.Rd7+ Ke8 42.Rd5 Rxf2 43.Re5+ Kd7 44.Rxe4 Bd6
45.Nd5 Kc6 46.Nc3 Rxg2 47.Rc4+ Kb7 48.Rh4 Rxh2 49.Rxh2 Bxh2 50.Nd5 b5 51.Nc3 b4
52.Nd5 b3 53.Nf6 Bf4 54.Nxh7 Kc6 55.Nf6 Kc5 56.Nd7+ Kb5 57.Nf6 Kc4 58.Ne4 Kd4
59.Nf2 Be3 60.Ng4 Kd3 61.Ne5+ Kc3  0-1

[Event "Bratislava op"]
[Site "Bratislava"]
[Date "1992.??.??"]
[Round "6"]
[White "Henc, Renata"]
[Black "Gazik, Igor"]
[Result "1/2-1/2"]
[WhiteElo "2105"]
[BlackElo "2425"]

1.d4 Nf6 2.Nf3 g6 3.c4 Bg7 4.Nc3 O-O 5.e4 d6 6.Be2 e5 7.d5 a5 8.Bg5 h6 9.Bh4 Na6
10.Nd2 Nc5 11.b3 Bd7 12.a3 Qe8 13.O-O Nh7 14.f3 f5 15.b4  1/2-1/2

[Event "Budapest ExpFS"]
[Site "Budapest"]
[Date "1992.??.??"]
[Round "?"]
[White "Ye Jiangchuan"]
[Black "Xie Jun"]
[Result "1-0"]
[WhiteElo "2545"]
[BlackElo "2480"]

1.d4 Nf6 2.c4 g6 3.Nc3 Bg7 4.e4 O-O 5.Nf3 d6 6.Be2 e5 7.O-O Na6 8.Re1 c6
9.Rb1 Qe7 10.Bf1 Bg4 11.d5 c5 12.a3 Nh5 13.b4 Qf6 14.Be2 Nf4 15.Rb3 Rfc8
16.Bxf4 exf4 17.Nd2 Bd7 18.h3 h5 19.e5 Qxe5 20.Bg4 Bxg4 21.hxg4 Qg5 22.Nce4 Qxg4
23.Qxg4 hxg4 24.Nxd6 Rcb8 25.N2e4 b6 26.bxc5 Nxc5 27.Nxc5 bxc5 28.Nb7 Re8
29.Rd1 Bd4 30.d6 g3 31.Kf1 gxf2 32.d7 Re1+ 33.Rxe1 fxe1=Q+ 34.Kxe1 Bf6 35.Nxc5 Kf8
36.Nb7 Bd8 37.c5 Bc7 38.c6 Ke7 39.Rd3 f5 40.Ke2 g5 41.Rd5 a5 42.Rxf5 Ra6
43.Re5+ Kf6 44.Rc5 Ke7 45.Rc4  1-0

[Event "Spring op"]
[Site "Budapest"]
[Date "1992.??.??"]
[Round "?"]
[White "Orgovan, Sandor"]
[Black "Tengely, Szabolcs"]
[Result "1-0"]
[WhiteElo "2385"]
[BlackElo "2255"]

1.d4 Nf6 2.Nf3 g6 3.c4 Bg7 4.Nc3 O-O 5.e4 d6 6.Be2 e5 7.Be3 c6 8.O-O Na6
9.Re1 exd4 10.Nxd4 Re8 11.f3 d5 12.cxd5 cxd5 13.Bb5 Rf8 14.Bxa6 bxa6 15.Nc6 Qd7
16.Nxd5 Nxd5 17.Qxd5 Qxd5 18.exd5 Bxb2 19.Rab1 Bf6 20.g4 Bh4 21.Bf2 Bxf2+
22.Kxf2 Bd7 23.Rb7 Bxc6 24.dxc6 Rac8 25.c7 f5 26.gxf5 gxf5 27.Re7 Rf7 28.Rb8 Rxe7
29.Rxc8+ Kg7 30.Rg8+  1-0

[Event "Spring op"]
[Site "Budapest"]
[Date "1992.??.??"]
[Round "?"]
[White "Lukacs, Peter"]
[Black "Kecskes, Gabor"]
[Result "1-0"]
[WhiteElo "2490"]
[BlackElo "2215"]

1.d4 Nf6 2.c4 g6 3.Nc3 Bg7 4.e4 O-O 5.Nf3 d6 6.Be2 e5 7.Be3 exd4 8.Nxd4 Re8
9.f3 Nbd7 10.O-O c6 11.Qd2 d5 12.exd5 cxd5 13.Rad1 Qe7 14.Bf2 dxc4 15.Bxc4 Ne5
16.Bb3 Bd7 17.Rfe1 Qf8 18.Ndb5 Bc6 19.Nd6 Rad8 20.f4 Neg4 21.Bc5 Rd7 22.h3 Nh6
23.Qf2 Rxe1+ 24.Qxe1 Qd8 25.g4 b6 26.Ba3 Ne8 27.Qxe8+ Qxe8 28.Nxe8 Rxd1+
29.Bxd1 Bxe8 30.Nd5 Bd4+ 31.Kg2 Bc6 32.Bf3 Kg7 33.Ne7 Bd7 34.Bc6 Be6 35.Bd5 Bxd5+
36.Nxd5 f5 37.Nc7 Be3 38.Kf3 Bg1 39.g5 Ng8 40.Nb5 a5 41.Nc3 Kf7 42.Ne2 Bc5
43.Bxc5 bxc5 44.Nc1 a4 45.Nd3  1-0

[Event "Budapest GM"]
[Site "Budapest"]
[Date "1992.??.??"]
[Round "?"]
[White "Lukacs, Peter"]
[Black "Atalik, Suat"]
[Result "1/2-1/2"]
[WhiteElo "2490"]
[BlackElo "2455"]

1.d4 Nf6 2.c4 g6 3.Nc3 Bg7 4.e4 d6 5.Nf3 O-O 6.Be2 e5 7.O-O Na6 8.Re1 Qe8
9.Bf1 Bg4 10.d5 Nb4 11.Be2 a5 12.h3 Bd7 13.Be3 Na6 14.Nd2 Qe7 15.Bg5 h6 16.Bh4 Nc5
17.b3 h5 18.Bg5 Kh7 19.a3 Bh6 20.Bxh6 Kxh6 21.b4 Na6 22.Qb3 Nh7 23.Rad1  1/2-1/2

[Event "Budapest Nuovo-B"]
[Site "Budapest"]
[Date "1992.??.??"]
[Round "7"]
[White "Petran, Pal"]
[Black "Piroska, Istvan"]
[Result "1/2-1/2"]
[WhiteElo "2470"]
[BlackElo "2225"]

1.d4 Nf6 2.c4 g6 3.Nc3 Bg7 4.e4 d6 5.Nf3 O-O 6.Be2 Nbd7 7.O-O e5 8.Qc2 exd4
9.Nxd4 Nc5 10.Rd1 Qe7 11.f3 a5 12.Be3 c6 13.Qd2 Re8 14.Nc2 Bf8 15.Bf1 Be6
16.Bg5 Rad8 17.Qf4 Bg7 18.Qh4 Ncd7 19.Qf2 h6 20.Bf4 Ne5 21.c5 Nh5 22.Be3 d5
23.exd5 Bxd5 24.Nxd5 Rxd5 25.Rxd5 cxd5 26.Bb5 Nc6 27.Re1 Bxb2 28.Bxc6 bxc6
29.Bc1 Qxe1+ 30.Nxe1 Bxc1 31.Kf1 Nf4 32.Qc2 Be3 33.g3 Ne6 34.Nd3 Rb8 35.Ne5 Kg7
36.Nxc6 Rb5 37.Qd3 Rxc5 38.Qxe3 Rxc6 39.Qe5+ Kg8 40.Qxd5 Rc5 41.Qe4 h5 42.h4 Kg7
43.Kg2 Kg8 44.a4 Kg7 45.Kf2 Kg8 46.Ke2 Kg7 47.Kd2 Kg8 48.f4 Kg7  1/2-1/2

[Event "Wch U20"]
[Site "Buenos Aires"]
[Date "1992.??.??"]
[Round "?"]
[White "Stefansson, Hannes"]
[Black "Rasik, Vitezslav"]
[Result "0-1"]
[WhiteElo "2500"]
[BlackElo "2415"]

1.Nf3 Nf6 2.c4 g6 3.Nc3 Bg7 4.e4 d6 5.d4 O-O 6.Be2 e5 7.Be3 c6 8.O-O exd4
9.Bxd4 Re8 10.Qc2 Qe7 11.Rfe1 Nbd7 12.h3 c5 13.Be3 Nxe4 14.Nxe4 Qxe4 15.Bd3 Qc6
16.Ng5 Nf6 17.Rad1 Bd7 18.Bd2 Rxe1+ 19.Bxe1 Qc7 20.Bc3 Bc6 21.Ne4 Nxe4 22.Bxe4 Bxc3
23.Bxc6 Qxc6 24.Qxc3 Re8 25.b3 a6 26.a4 Re6 27.a5 Qc7 28.Kf1 Qe7 29.b4 cxb4
30.Qxb4 Qc7 31.Rb1 Re7 32.Rd1 Re4 33.Qxd6 Qxd6 34.Rxd6 Rxc4 35.Rd7 Rb4 36.g4 h6
37.Kg2 Kg7 38.Kg3 Kf6 39.h4 Ke6 40.Rc7 Rb5 41.f4 Rb3+ 42.Kf2 h5 43.g5 f6
44.Rg7 Kf5 45.Rf7 Kxf4 46.Rxf6+ Kg4 47.Rxg6 Kxh4 48.Rg8 Rb5 49.g6 Kg5 50.Kg3 Kh6  0-1

[Event "Wch U20"]
[Site "Buenos Aires"]
[Date "1992.??.??"]
[Round "?"]
[White "Silva, Sebastain"]
[Black "Rasik, Vitezslav"]
[Result "1-0"]
[WhiteElo "2380"]
[BlackElo "2415"]

1.d4 Nf6 2.Nf3 g6 3.c4 Bg7 4.Nc3 O-O 5.e4 d6 6.Be2 e5 7.O-O exd4 8.Nxd4 Re8
9.f3 c6 10.Nc2 Na6 11.Be3 Nc7 12.Qe1 d5 13.cxd5 cxd5 14.Rd1 b6 15.Qf2 Bb7
16.Bc4 Qe7 17.exd5 Red8 18.Rfe1 Qf8 19.Bg5 h6 20.Bxf6 Bxf6 21.Ne3 Rac8 22.Ne4 Bg7
23.d6 Bxe4 24.fxe4 Rxd6 25.Qxf7+ Kh7 26.Qxf8 Bxf8 27.Rxd6 Bxd6 28.Rd1 Rd8
29.e5 Be7 30.Rxd8 Bxd8 31.Kf2 Kg7 32.Kf3 Bg5 33.g3 Kf8 34.h4 Be7 35.Ke4 Bc5
36.Ng2 Bf2 37.g4 h5 38.gxh5 gxh5 39.Be2 Ne6 40.Bxh5 Nc5+ 41.Kd5 Nd3 42.Bg6 Nxb2
43.h5 Kg7 44.e6 Bc5 45.Ke5 Nc4+ 46.Kf5 b5 47.Nf4 a5 48.Nd5 b4 49.e7 Bxe7
50.Nxe7 a4 51.h6+ Kh8 52.Kf6 b3 53.axb3 axb3 54.Nc6 Ne3 55.Ne5 Nd5+ 56.Kg5  1-0

[Event "Buenos Aires"]
[Site "Buenos Aires"]
[Date "1992.??.??"]
[Round "?"]
[White "Zarnicki, Pablo"]
[Black "Ricardi, Pablo"]
[Result "1/2-1/2"]
[WhiteElo "2385"]
[BlackElo "2465"]

1.Nf3 Nf6 2.d4 g6 3.c4 Bg7 4.Nc3 O-O 5.e4 d6 6.Be2 e5 7.dxe5 dxe5 8.Qxd8 Rxd8
9.Bg5 Re8 10.Nd5 Nxd5 11.cxd5 c6 12.Bc4 cxd5 13.Bxd5 Nc6 14.O-O Be6 15.Bxc6 bxc6
16.Rfc1 Reb8 17.b3 a5  1/2-1/2

[Event "Wch U20"]
[Site "Buenos Aires"]
[Date "1992.??.??"]
[Round "?"]
[White "Littke, Adam"]
[Black "Rasik, Vitezslav"]
[Result "1/2-1/2"]
[WhiteElo "2270"]
[BlackElo "2415"]

1.d4 Nf6 2.c4 g6 3.Nc3 Bg7 4.e4 O-O 5.Nf3 d6 6.Be2 e5 7.Be3 c6 8.Qd2 Nbd7
9.Rd1 Qe7 10.d5 cxd5 11.cxd5 Ng4 12.Bg5 f6 13.Bh4 a6 14.Qc2 h5 15.Nd2 Nh6
16.f3 g5 17.Bf2 f5 18.exf5 Nxf5 19.Nce4 b5 20.Nb3 Nf6 21.O-O Bd7 22.Nxf6+ Qxf6
23.Bd3 Bh6 24.Qe2 Qg7 25.Nd2 Nd4 26.Bxd4 exd4 27.g3 Rae8 28.Be4 d3 29.Qxd3 Qxb2
30.Bh7+ Kh8 31.Bg6 Re5 32.Bxh5 Qxa2 33.Ne4 Bf5 34.Ra1 Qxd5 35.Qxd5 Rxd5 36.Rxa6 Rd8
37.g4 Bh7  1/2-1/2

[Event "Wch U20"]
[Site "Buenos Aires"]
[Date "1992.??.??"]
[Round "?"]
[White "Sosa, Leonardo"]
[Black "Tratar, Marko"]
[Result "1-0"]
[WhiteElo "2245"]
[BlackElo "2290"]

1.d4 Nf6 2.c4 g6 3.Nc3 Bg7 4.e4 d6 5.Nf3 O-O 6.Be2 e5 7.Be3 h6 8.O-O Ng4
9.Bc1 Nc6 10.d5 Ne7 11.Nd2 f5 12.Bxg4 fxg4 13.b4 g5 14.c5 Ng6 15.Nc4 Nh4
16.Be3 Rf6 17.Rc1 Qe8 18.Ne2 Qg6 19.Ng3 h5 20.b5 b6 21.cxd6 cxd6 22.Bxb6 Bd7
23.a4 axb6 24.Nxb6 Ra7 25.Nc8 Bxc8 26.Rxc8+ Rf8 27.Qc2 Qf7 28.b6 Ra6 29.Rb1 Qb7
30.Rxf8+ Bxf8 31.Qc7  1-0

[Event "Wch U20"]
[Site "Buenos Aires"]
[Date "1992.??.??"]
[Round "?"]
[White "Gokhale, Jayant Suresh"]
[Black "Watanabe, Roberto"]
[Result "1/2-1/2"]
[WhiteElo "2330"]
[BlackElo "2380"]

1.d4 Nf6 2.Nf3 g6 3.c4 Bg7 4.Nc3 O-O 5.e4 d6 6.Be2 e5 7.d5 a5 8.Bg5 h6 9.Bh4 Na6
10.Nd2 Qe8 11.a3 Bd7 12.b3 Nh7 13.O-O f5 14.f3 Nf6 15.Bf2 h5 16.Rb1 Nc5 17.Qc2 fxe4
18.Ndxe4 Ncxe4 19.Nxe4 Nxe4 20.fxe4  1/2-1/2

[Event "Buenos Aires Najdorf qual"]
[Site "Buenos Aires"]
[Date "1992.??.??"]
[Round "1"]
[White "Langier, Daniel"]
[Black "Fiorito, Fabian"]
[Result "0-1"]
[WhiteElo "2300"]
[BlackElo "2410"]

1.d4 Nf6 2.c4 g6 3.Nc3 Bg7 4.e4 d6 5.Nf3 O-O 6.Be2 e5 7.Be3 h6 8.dxe5 Ng4
9.Bc1 Nxe5 10.O-O Nbc6 11.Be3 Be6 12.Nd2 Qh4 13.Nd5 Rac8 14.g3 Qd8 15.f4 Nd7
16.Rb1 Nd4 17.Bd3 Nc5 18.Nb3 Ndxb3 19.axb3 Nxd3 20.Qxd3 f5 21.Nc3 fxe4 22.Qxe4 Bf5
23.Qd5+ Kh7 24.Ra1 a6 25.Rfe1 c6 26.Qd2 Qf6 27.Rad1 Rfe8 28.Qxd6 Qf7 29.Bf2 Bc2
30.Qd7 Rxe1+ 31.Bxe1 Qe8 32.Qxe8 Rxe8 33.Rc1 Bxb3 34.c5 a5 35.Bf2 a4 36.Kf1 g5
37.f5 g4 38.Re1 Rf8 39.Re7 Rxf5 40.Ne4 Kg6 41.Nd6 Rf8 42.Re2 Rf3 43.Rd2 Bd5
44.Ke1 a3 45.Rxd5 a2 46.Rd1 Bxb2 47.Nxb7 Rd3 48.Rxd3 a1=Q+ 49.Ke2 Bf6 50.Nd6 Qh1
51.Re3 h5 52.Re6 Qd5 53.Re8 Qf3+ 54.Kf1 Bd4 55.Re6+ Kg5 56.Ne4+ Kf5 57.Re8 Qxe4
58.Rxe4 Kxe4 59.Be1 Bxc5 60.Kg2 Bd4 61.h3 c5 62.hxg4 hxg4 63.Ba5 c4 64.Kf1 Kd3  0-1

[Event "Buenos Aires Najdorf qual"]
[Site "Buenos Aires"]
[Date "1992.??.??"]
[Round "4"]
[White "Llanos, Guillermo"]
[Black "Del Rey, Diego"]
[Result "0-1"]
[WhiteElo "2355"]
[BlackElo "2270"]

1.Nf3 Nf6 2.c4 g6 3.Nc3 Bg7 4.e4 d6 5.d4 O-O 6.Be2 e5 7.O-O Na6 8.Rb1 Qe8
9.dxe5 dxe5 10.b4 c6 11.Nd2 Qe7 12.c5 Nc7 13.Nc4 Rd8 14.Qa4 Nfe8 15.Be3 Be6
16.Rfd1 Bxc4 17.Bxc4 a6 18.Qc2 Nb5 19.Na4 Rxd1+ 20.Rxd1 Nd4 21.Qb1 Rd8 22.Nb6 Nc7
23.Bf1 Nce6 24.Nc4 Qh4 25.Nd6 Rd7 26.Bc4 Ng5 27.Bxd4 exd4 28.Qb3 Be5 29.g3 Qg4
30.Bf1 Bxd6 31.cxd6 Rxd6 32.Bg2 Qe2 33.Qd3 Qxa2 34.h4 Ne6 35.h5 Qb2 36.e5 Rd7
37.Bh3 Re7 38.Bxe6 Rxe6 39.Qe4 d3 40.f4 d2 41.Kf2 Re8 42.Ke2 Rd8 43.e6 Qf6
44.hxg6 hxg6 45.exf7+ Kxf7 46.Qc2 Qd4 47.Qa2+ Kg7 48.Qe6 Qxb4 49.Qe3 Kf7
50.Rh1 Qb5+  0-1

[Event "Traffic op"]
[Site "Buenos Aires"]
[Date "1992.??.??"]
[Round "4"]
[White "Llanos, Guillermo"]
[Black "Mellano, Santiago"]
[Result "1-0"]
[WhiteElo "2355"]
[BlackElo "2220"]

1.Nf3 Nf6 2.c4 g6 3.Nc3 Bg7 4.e4 d6 5.d4 O-O 6.Be2 e5 7.Be3 Ng4 8.Bg5 f6
9.Bc1 Nc6 10.d5 Ne7 11.O-O f5 12.Ng5 Nf6 13.exf5 Nxf5 14.Nge4 Nxe4 15.Nxe4 Bh6
16.Bg4 Bxc1 17.Rxc1 Qh4 18.Rc3 h5 19.Bxf5 Bxf5 20.Ng3 Qg5 21.Nxf5 Rxf5 22.c5 Raf8
23.cxd6 cxd6 24.Qc2 Qf4 25.Rc4 Qg5 26.Rc7 R5f7 27.Rxf7 Rxf7 28.Qc8+ Kg7 29.Qb8 e4
30.Qxd6 e3 31.f4 e2 32.Re1 Qxf4 33.Qxf4 Rxf4 34.Rxe2 Rd4 35.Re7+ Kf6 36.Rxb7 Rxd5
37.Kf2 Rd2+ 38.Kf3 a5 39.Rb6+ Kf5 40.Rb5+ Kf6 41.a4 Rc2 42.h3 h4 43.b3 Rb2
44.g3 hxg3 45.Kxg3 Kg7 46.Kf4 Kh6 47.h4 Rh2 48.Rxa5 Rxh4+ 49.Kg3 Rd4 50.Rb5 g5
51.a5 Kh5 52.b4 Rd3+ 53.Kf2 Ra3 54.Rb6 Kg4 55.a6 Kf4 56.b5 Ra2+ 57.Ke1 g4
58.Rb7 g3 59.Rg7 Ra5 60.a7 g2 61.b6 Ra1+ 62.Kd2 Ra2+ 63.Kd3 Ra3+ 64.Kc4 Rg3
65.Rxg3  1-0